Normal view MARC view
  • Hoover, Herbert,

Entry Personal Name

Number of records used in: 1

001 - CONTROL NUMBER

  • control field: 109001

003 - CONTROL NUMBER IDENTIFIER

  • control field: NUST

005 - DATE AND TIME OF LATEST TRANSACTION

  • control field: 20230213122806.0

008 - FIXED-LENGTH DATA ELEMENTS

  • fixed length control field: 230213|| aca||aabn | a|a d

040 ## - CATALOGING SOURCE

  • Original cataloging agency: NUST
  • Transcribing agency: NUST

100 ## - HEADING--PERSONAL NAME

  • Personal name: Hoover, Herbert,
  • Dates associated with a name: 1874-1964

670 ## - SOURCE DATA FOUND

  • Source citation: Work cat.: (NUST)187592: Nash, George H., 109000, The life of Herbert Hoover /, c1983-<c1996 >
© 2023 Central Library, National University of Sciences and Technology. All Rights Reserved.